| 000 | 00742nam a22002177a 4500 | ||
|---|---|---|---|
| 999 |
_c179901 _d179901 |
||
| 005 | 20210715155131.0 | ||
| 010 | _aENG-129562 | ||
| 020 |
_a978-93-8830-586-0 _c300.00 |
||
| 035 | _aEN-113094 | ||
| 037 | _bDBAD/PUB | ||
| 082 | _a631.4076 | ||
| 100 | _aM. Raghavendra Reddy | ||
| 245 |
_aObjective Soil Science/ _cby M. Raghavendra Reddy, P. N. Siva Prasad, A. Sathish, V. R. Ramakrishna Parama |
||
| 260 |
_aSultan Bazar _bBS Publications _c2019 |
||
| 270 |
_a4-4-309/316, Giriraj Lane,Sultan Bazar _bHyderabad _e500095 _minfo@bspbooks.net _k040-23445600 |
||
| 300 |
_a283p _c24cm(PB) |
||
| 700 | _aP. N. Siva Prasad | ||
| 700 | _aA. Sathish | ||
| 700 | _aV. R. Ramakrishna Parama | ||
| 942 |
_2ddc _cEN _h631.4076 _mRED |
||